New advances in the history of archaeology : proceedings of the XVIII UISPP World Congress (4-9 June 2018, Paris, France). Volume 16 /

This volume presents papers from three sessions organised by the History of Archaeology Scientific Commission at the 18th UISPP World Congress (Paris, June 2018) considering the development of stratigraphical methods in archaeology in many European countries, and interdisciplinary perspectives on th...

وصف كامل

محفوظ في:

مؤلف مشترك: International Union of Prehistoric and Protohistoric Sciences. World Congress (المبتكر)

مؤلفون آخرون: Beaune, Sophie A. de (المحرر), Guidi, Alessandro, 1952- (المحرر), Moro Abadía, Óscar (المحرر), Tarantini, Massimo (المحرر)

التنسيق: كتاب الكتروني

اللغة: English
French

منشور في: Oxford : Archaeopress Archaeology, 2021.

سلاسل: UISPP proceedings series ; volume 16.

الموضوعات:

الوصول للمادة أونلاين: Login to view Source

الوسوم: إضافة وسم

لا توجد وسوم, كن أول من يضع وسما على هذه التسجيلة!

رقم الطلب: CC75

LEADER 02661nam a2200505 i 4500
001 EDZ0002614676
003 StDuBDS
005 20230412183203.0
006 m|||||o||d||||||||
007 cr |||||||||||
008 210821s2021 enkab fob 100|0|eng|d
020 |a 9781803270739 (PDF ebook) :  |c No price 
040 |a StDuBDS  |b eng  |c StDuBDS  |e rda  |e pn 
041 0 |a eng  |a fre 
050 4 |a CC75 
082 0 4 |a 930.1028  |2 23 
110 2 |a International Union of Prehistoric and Protohistoric Sciences.  |b World Congress  |n (18th :  |d 2018 :  |c Paris, France),  |e creator. 
245 1 0 |a New advances in the history of archaeology :  |b proceedings of the XVIII UISPP World Congress (4-9 June 2018, Paris, France).  |n Volume 16 /  |c sessions organised by the History of Archaeology Scientific Commission at the XVIII World UISPP (4-9 June 2018, Paris, France) ; edited by Sophie A. de Beaune, Alessandro Guidi, Oscar Moro Abadía, Massimo Tarantini. 
264 1 |a Oxford :  |b Archaeopress Archaeology,  |c 2021. 
300 |a 1 online resource (ix, 227 pages) :  |b illustrations (black and white, and colour), maps (black and white, and colour). 
336 |a text  |2 rdacontent 
336 |a still image  |2 rdacontent 
336 |a cartographic image  |2 rdacontent 
337 |a computer  |2 rdamedia 
338 |a online resource  |2 rdacarrier 
490 1 |a UISPP proceedings series ;  |v volume 16 
500 |a Also issued in print: 2021. 
504 |a Includes bibliographical references. 
506 0 |a Open access. 
520 8 |a This volume presents papers from three sessions organised by the History of Archaeology Scientific Commission at the 18th UISPP World Congress (Paris, June 2018) considering the development of stratigraphical methods in archaeology in many European countries, and interdisciplinary perspectives on the history of archaeology. 
521 |a Specialized. 
546 |a Text in English and French. 
588 |a Description based on online resource; title from PDF title page (viewed on September 13, 2021). 
650 0 |a Archaeology  |x Methodology  |v Congresses. 
650 0 |a Geology, Stratigraphic  |v Congresses. 
700 1 |a Beaune, Sophie A. de,  |e editor. 
700 1 |a Guidi, Alessandro,  |d 1952-  |e editor. 
700 1 |a Moro Abadía, Óscar,  |e editor. 
700 1 |a Tarantini, Massimo,  |e editor. 
776 0 8 |i Print version :  |z 9781803270722 
830 0 |a UISPP proceedings series ;  |v volume 16. 
856 4 0 |3 Archaeopress  |u http://library.arce.org:8087/Archaeopress/Products/9781803270722 
942 |2 lcc  |c EBOOK 
952 |0 0  |1 0  |4 0  |6 CC0075  |7 1  |9 46880  |a ARCH  |b ARCH  |d 2023-04-12  |l 0  |o CC75  |r 2023-04-12 00:00:00  |w 2023-04-12  |y EBOOK 
999 |c 52538  |d 52538